[Event "Zudov Memorial-A 4th"]
[Site "Nizhnij Tagil"]
[Date "2008.07.17"]
[Round "11"]
[White "Yudin, Sergei"]
[Black "Kuligin, Evgeni"]
[Result "1-0"]
[WhiteElo "2536"]
[BlackElo "2331"]
[PlyCount "49"]
[EventDate "2008.07.07"]
[EventType "tourn"]
[EventRounds "10"]
[EventCountry "RUS"]
[SourceTitle "EXT 2022"]
[Source "ChessBase"]
[SourceDate "2021.10.06"]
[SourceVersion "1"]
[SourceVersionDate "2021.10.06"]
[SourceQuality "1"]

1. d4 d5 2. Nf3 Nf6 3. Bf4 Bf5 4. e3 e6 5. c4 c6 6. Qb3 Qb6 7. c5 Qxb3 8. axb3 a6 9. Nc3 Nbd7 10. h3 h6 11. b4 Rc8 12. Nd2 Be7 13. Nb3 Bd8 14. Na5 Bxa5 15. bxa5 0-0 16. Ra4 Ra8 17. Rb4 Ra7 18. Kd2 Rc8 19. f3 Re8 20. Be2 e5 21. Bh2 Re7 22. g4 Bg6 23. Ra1 Ne8 24. Na4 f6 25. Ra3 1-0

[Event "Zudov Memorial-A 4th"]
[Site "Nizhnij Tagil"]
[Date "2008.07.16"]
[Round "10"]
[White "Kuligin, Evgeni"]
[Black "Ogloblin, Nikolay"]
[Result "1/2-1/2"]
[WhiteElo "2331"]
[BlackElo "2416"]
[PlyCount "47"]
[EventDate "2008.07.07"]
[EventType "tourn"]
[EventRounds "10"]
[EventCountry "RUS"]
[SourceTitle "EXT 2022"]
[Source "ChessBase"]
[SourceDate "2021.10.06"]
[SourceVersion "1"]
[SourceVersionDate "2021.10.06"]
[SourceQuality "1"]

1. Nf3 Nf6 2. c4 b6 3. d4 e6 4. g3 Bb7 5. Bg2 Be7 6. 0-0 0-0 7. Nc3 Na6 8. b3 Re8 9. Bb2 d5 10. Ne5 c5 11. cxd5 exd5 12. Rc1 Qb8 13. Nd3 cxd4 14. Nb5 Nc5 15. Bxd4 Ba6 16. Nc3 Qd6 17. Nb4 Rad8 18. Nxa6 Nxa6 19. Bxf6 Bxf6 20. Nxd5 Nb4 21. Nxb4 Qxb4 22. Qe1 Rd2 23. Rc2 Red8 24. Qc1 1/2-1/2

[Event "Zudov Memorial-A 4th"]
[Site "Nizhnij Tagil"]
[Date "2008.07.15"]
[Round "9"]
[White "Jumabayev, Rinat"]
[Black "Kuligin, Evgeni"]
[Result "1-0"]
[WhiteElo "2442"]
[BlackElo "2331"]
[PlyCount "89"]
[EventDate "2008.07.07"]
[EventType "tourn"]
[EventRounds "10"]
[EventCountry "RUS"]
[SourceTitle "EXT 2022"]
[Source "ChessBase"]
[SourceDate "2021.10.06"]
[SourceVersion "1"]
[SourceVersionDate "2021.10.06"]
[SourceQuality "1"]

1. d4 Nf6 2. Nf3 g6 3. c4 Bg7 4. g3 0-0 5. Bg2 d6 6. 0-0 Nbd7 7. Qc2 e5 8. Rd1 Re8 9. Nc3 c6 10. e4 exd4 11. Nxd4 Qb6 12. h3 h5 13. Be3 Qc7 14. b3 a5 15. Re1 Nc5 16. Rad1 Nfd7 17. f4 Nf8 18. Qf2 Bd7 19. Rd2 Rad8 20. Rdd1 Bc8 21. Qc2 Qb6 22. Bf2 Qb4 23. Rd2 a4 24. Nxa4 Nxa4 25. bxa4 d5 26. cxd5 cxd5 27. e5 Ne6 28. Ne2 h4 29. Rxd5 hxg3 30. Bxg3 Nd4 31. Rxd4 Rxd4 32. Nxd4 Qxd4+ 33. Kh2 Bf5 34. Qb3 Be6 35. Rd1 Qa7 36. Qb5 Rc8 37. Rd2 Ra8 38. Qe2 Qxa4 39. Bxb7 Ra7 40. Be4 Qxa2 41. Bf2 Qa5 42. Bxa7 Qxa7 43. Qf2 Qa1 44. Qh4 Bf8 45. Qg3 1-0

[Event "Zudov Memorial-A 4th"]
[Site "Nizhnij Tagil"]
[Date "2008.07.13"]
[Round "7"]
[White "Gajsin, Evgenij"]
[Black "Kuligin, Evgeni"]
[Result "1-0"]
[WhiteElo "2444"]
[BlackElo "2331"]
[PlyCount "44"]
[EventDate "2008.07.07"]
[EventType "tourn"]
[EventRounds "10"]
[EventCountry "RUS"]
[SourceTitle "EXT 2022"]
[Source "ChessBase"]
[SourceDate "2021.10.06"]
[SourceVersion "1"]
[SourceVersionDate "2021.10.06"]
[SourceQuality "1"]

1. e4 e6 2. d4 d5 3. Nc3 Nf6 4. e5 Nfd7 5. f4 c5 6. Nf3 Nc6 7. Be3 Be7 8. Qd2 0-0 9. Bd3 f6 10. exf6 Bxf6 11. Be2 cxd4 12. Nxd4 Nb6 13. 0-0-0 e5 14. fxe5 Nxe5 15. b3 Qe7 16. Kb1 Bd7 17. Rhe1 Rfc8 18. Bf1 Qb4 19. Ne4 Qa3 20. Nxf6+ gxf6 21. Qf2 Nec4 22. Bc1 Qb4 1-0

[Event "Zudov Memorial-A 4th"]
[Site "Nizhnij Tagil"]
[Date "2008.07.10"]
[Round "4"]
[White "Maletin, Pavel"]
[Black "Kuligin, Evgeni"]
[Result "1-0"]
[WhiteElo "2545"]
[BlackElo "2331"]
[PlyCount "53"]
[EventDate "2008.07.07"]
[EventType "tourn"]
[EventRounds "10"]
[EventCountry "RUS"]
[SourceTitle "EXT 2022"]
[Source "ChessBase"]
[SourceDate "2021.10.06"]
[SourceVersion "1"]
[SourceVersionDate "2021.10.06"]
[SourceQuality "1"]

1. d4 Nf6 2. c4 g6 3. Nf3 Bg7 4. g3 d5 5. cxd5 Nxd5 6. Bg2 Nb6 7. Nc3 Nc6 8. e3 e5 9. d5 Ne7 10. e4 c6 11. d6 Ng8 12. b3 f6 13. 0-0 Nh6 14. Ba3 Nf7 15. Qd3 Be6 16. Rfd1 Qd7 17. Nd2 0-0 18. Nc4 Rfd8 19. f4 Bf8 20. Qf1 exf4 21. gxf4 Bg4 22. Rd3 Qe8 23. Rg3 Bc8 24. e5 fxe5 25. f5 g5 26. Ne4 Nd5 27. Nxg5 1-0

[Event "Zudov Memorial-A 4th"]
[Site "Nizhnij Tagil"]
[Date "2008.07.07"]
[Round "1"]
[White "Kuligin, Evgeni"]
[Black "Krutko, Anatoly"]
[Result "1/2-1/2"]
[WhiteElo "2331"]
[BlackElo "2451"]
[PlyCount "59"]
[EventDate "2008.07.07"]
[EventType "tourn"]
[EventRounds "10"]
[EventCountry "RUS"]
[SourceTitle "EXT 2022"]
[Source "ChessBase"]
[SourceDate "2021.10.06"]
[SourceVersion "1"]
[SourceVersionDate "2021.10.06"]
[SourceQuality "1"]

1. e4 c5 2. Nf3 e6 3. d4 cxd4 4. Nxd4 Nc6 5. Nc3 Qc7 6. Be3 a6 7. f4 Bb4 8. Nde2 Nf6 9. Qd3 d5 10. e5 Nd7 11. a3 Be7 12. g3 b5 13. Bg2 b4 14. axb4 Nxb4 15. Qd2 0-0 16. 0-0 Bb7 17. Nd4 Rac8 18. Nce2 Nb6 19. b3 Nd7 20. f5 Nxe5 21. fxe6 fxe6 22. Rxf8+ Bxf8 23. c3 Nbd3 24. Nxe6 Qf7 25. Nxf8 Rxf8 26. Nf4 d4 27. Bxd4 Bxg2 28. Qxg2 Qxb3 29. Nxd3 Nf3+ 30. Kh1 1/2-1/2

[Event "Nizhnij Tagil City-ch"]
[Site "Nizhnij Tagil"]
[Date "2007.12.05"]
[Round "6"]
[White "Beljakov, Igor"]
[Black "Kuligin, Evgeni"]
[Result "0-1"]
[WhiteElo "2245"]
[BlackElo "2336"]
[PlyCount "90"]
[EventDate "2007.11.26"]
[EventType "tourn"]
[EventRounds "13"]
[EventCountry "RUS"]
[SourceTitle "EXT 2009"]
[Source "ChessBase"]
[SourceDate "2008.11.26"]
[SourceVersion "1"]
[SourceVersionDate "2008.11.26"]
[SourceQuality "1"]

1. e4 c5 2. Nf3 e6 3. d4 cxd4 4. Nxd4 Nc6 5. Nxc6 bxc6 6. c4 Nf6 7. Nc3 Bb4 8. Bd3 e5 9. 0-0 0-0 10. h3 Bc5 11. Bg5 h6 12. Bh4 g5 13. Bg3 d6 14. Na4 Bd4 15. Rc1 Rb8 16. b3 Be6 17. Qe2 Nd7 18. Rfd1 Qf6 19. Bb1 Qg6 20. Kh1 g4 21. h4 c5 22. Nc3 a6 23. Nd5 Bxd5 24. cxd5 a5 25. Bd3 Nf6 26. Rc4 Rb4 27. Rxb4 axb4 28. Rf1 Ra8 29. Bb1 Nh5 30. Qb5 Qf6 31. Kh2 Kh8 32. Qd3 Rg8 33. Qe2 Rg6 34. Qa6 Rg8 35. Qb5 Nf4 36. Rh1 Bxf2 37. Bxf2 g3+ 38. Bxg3 Rxg3 39. Qf1 Qxh4+ 40. Kg1 Nh3+ 41. Rxh3 Qxh3 42. Qf6+ Kg8 43. Qf2 Qg4 44. Bc2 Qf4 45. Qe2 Qe3+ 0-1

[Event "Zudov Memorial-B 3rd"]
[Site "Nizhnij Tagil"]
[Date "2007.07.12"]
[Round "6"]
[White "Kuligin, Evgeni"]
[Black "Skurygin, Anton"]
[Result "1/2-1/2"]
[WhiteElo "2355"]
[BlackElo "2327"]
[PlyCount "84"]
[EventDate "2007.07.06"]
[EventType "tourn"]
[EventRounds "11"]
[EventCountry "RUS"]
[EventCategory "4"]
[SourceTitle "CBM 119 Extra"]
[Source "ChessBase"]
[SourceDate "2007.09.04"]
[SourceVersion "1"]
[SourceVersionDate "2007.09.04"]
[SourceQuality "1"]

1. Nf3 d5 2. d4 c6 3. c4 Nf6 4. Nc3 a6 5. c5 g6 6. Bf4 Nh5 7. Bg5 h6 8. Bd2 Nf6 9. h3 Bg7 10. g3 0-0 11. Bg2 Nbd7 12. 0-0 Re8 13. Bf4 Nh5 14. Be3 Kh7 15. g4 Nhf6 16. Ne5 Nxe5 17. dxe5 Ne4 18. Bd4 Nxc3 19. bxc3 f6 20. exf6 exf6 21. Rb1 Qe7 22. e3 Be6 23. h4 Qd7 24. f3 f5 25. g5 Re7 26. gxh6 Bxh6 27. f4 Bf7 28. Rf3 Rae8 29. Bf1 Bg7 30. Bxg7 Kxg7 31. Qd4+ Kh7 32. Bd3 Rg8 33. Rg3 Be6 34. Kf2 Rgg7 35. Rbg1 Ref7 36. Rg5 Qe7 37. h5 gxh5 38. Rxh5+ Kg8 39. Rgh1 Rh7 40. Qe5 Bc8 41. Rg5+ Rhg7 42. Rgh5 Rh7 1/2-1/2

[Event "RUS-chT2"]
[Site "Sochi"]
[Date "2007.05.05"]
[Round "3"]
[White "Kuzmin, Gennadi P"]
[Black "Kuligin, Evgeni"]
[Result "1/2-1/2"]
[WhiteElo "2479"]
[BlackElo "2325"]
[PlyCount "82"]
[EventDate "2007.05.03"]
[EventType "team"]
[EventRounds "9"]
[EventCountry "RUS"]
[SourceTitle "CBM 118 Extra"]
[Source "ChessBase"]
[SourceDate "2007.07.04"]
[SourceVersion "1"]
[SourceVersionDate "2007.07.04"]
[SourceQuality "1"]

1. e4 e6 2. d4 d5 3. Nd2 Nh6 4. Ngf3 Be7 5. Bb5+ Nd7 6. Bd3 dxe4 7. Nxe4 Nf5 8. Ng3 Nd6 9. Ne5 Bf6 10. Nxd7 Bxd7 11. c3 0-0 12. 0-0 g6 13. Bf4 Re8 14. Re1 Bg7 15. Qd2 Bc6 16. Rad1 a5 17. Qc1 a4 18. h4 Ra5 19. Bg5 Bf6 20. Re5 Bxg5 21. hxg5 Qa8 22. Qf4 Rxe5 23. Qxe5 b6 24. f3 Qa5 25. Ne4 Qxe5 26. dxe5 Nxe4 27. Bxe4 Bxe4 28. fxe4 Kf8 29. Rd7 Rc8 30. Kf2 Ke8 31. Rd4 Ra8 32. Ke3 Ra5 33. Kf4 Rb5 34. Rd2 Ke7 35. g3 Ke8 36. Rh2 Ke7 37. Rd2 Rc5 38. a3 Ra5 39. Rh2 Ra8 40. Rd2 Ra7 41. Ke3 Ra5 1/2-1/2

[Event "RUS-ch sf Urals 60th"]
[Site "Nizhnij Tagil"]
[Date "2007.03.21"]
[Round "8"]
[White "Kuligin, Evgeni"]
[Black "Vokarev, Sergey"]
[Result "0-1"]
[WhiteElo "2329"]
[BlackElo "2479"]
[PlyCount "118"]
[EventDate "2007.03.14"]
[EventType "swiss"]
[EventRounds "9"]
[EventCountry "RUS"]
[SourceTitle "CBM 117 Extra"]
[Source "ChessBase"]
[SourceDate "2007.05.09"]
[SourceVersion "1"]
[SourceVersionDate "2007.05.09"]
[SourceQuality "1"]

1. Nf3 Nf6 2. c4 g6 3. g3 Bg7 4. Bg2 d5 5. cxd5 Nxd5 6. Nc3 Nb6 7. d4 Nc6 8. 0-0 0-0 9. d5 Na5 10. Nd4 c6 11. e4 cxd5 12. exd5 e5 13. Nb3 Nac4 14. a4 Nd6 15. Nc5 Bf5 16. a5 Nbc8 17. a6 b6 18. Nb3 Qd7 19. f4 f6 20. fxe5 fxe5 21. Nd2 Ne7 22. Nde4 Rad8 23. Bg5 h6 24. Bxe7 Qxe7 25. Qb3 Kh7 26. Nxd6 Qxd6 27. Ne4 Qe7 28. Rac1 Rd7 29. h4 Kh8 30. Kh2 Qd8 31. Rcd1 Qc8 32. Qa3 Bg4 33. Rc1 Qd8 34. Rxf8+ Bxf8 35. Qc3 Rxd5 36. Qc7 Qxc7 37. Rxc7 Rd7 38. Rb7 Re7 39. Nf6 Bc8 40. Rb8 Bxa6 41. Bd5 Bb5 42. h5 Kg7 43. Ng8 Rd7 44. Be6 Rd2+ 45. Kh3 gxh5 46. Rb7+ Kg6 47. g4 hxg4+ 48. Kxg4 h5+ 49. Kg3 Kg5 50. Rf7 Rd3+ 51. Kh2 Bd6 52. Rf5+ Kh4 53. Nf6 Rd2+ 54. Kh1 Bc6+ 55. Kg1 Rg2+ 56. Kf1 Rg5 57. Rf2 Kg3 58. Bd7 Bf3 59. Bb5 Bc5 0-1

[Event "RUS-ch sf Urals 60th"]
[Site "Nizhnij Tagil"]
[Date "2007.03.19"]
[Round "6"]
[White "Kuligin, Evgeni"]
[Black "Obukhov, Alexander"]
[Result "1/2-1/2"]
[WhiteElo "2329"]
[BlackElo "2445"]
[PlyCount "27"]
[EventDate "2007.03.14"]
[EventType "swiss"]
[EventRounds "9"]
[EventCountry "RUS"]
[SourceTitle "CBM 117 Extra"]
[Source "ChessBase"]
[SourceDate "2007.05.09"]
[SourceVersion "1"]
[SourceVersionDate "2007.05.09"]
[SourceQuality "1"]

1. Nf3 Nf6 2. c4 c5 3. g3 Nc6 4. d4 cxd4 5. Nxd4 e6 6. Bg2 Bb4+ 7. Bd2 Qb6 8. e3 d5 9. 0-0 0-0 10. Bxb4 Qxb4 11. cxd5 Nxd4 12. Qxd4 Qxd4 13. exd4 Nxd5 14. Nc3 1/2-1/2

[Event "RUS-ch sf Urals 60th"]
[Site "Nizhnij Tagil"]
[Date "2007.03.17"]
[Round "4"]
[White "Gajsin, Evgenij"]
[Black "Kuligin, Evgeni"]
[Result "0-1"]
[WhiteElo "2456"]
[BlackElo "2329"]
[PlyCount "74"]
[EventDate "2007.03.14"]
[EventType "swiss"]
[EventRounds "9"]
[EventCountry "RUS"]
[SourceTitle "CBM 117 Extra"]
[Source "ChessBase"]
[SourceDate "2007.05.09"]
[SourceVersion "1"]
[SourceVersionDate "2007.05.09"]
[SourceQuality "1"]

1. e4 e6 2. d4 d5 3. Nc3 Nf6 4. e5 Nfd7 5. f4 c5 6. Nf3 Nc6 7. Be3 cxd4 8. Nxd4 Bc5 9. Qd2 Nxd4 10. Bxd4 Bxd4 11. Qxd4 Qb6 12. Qxb6 Nxb6 13. a4 a5 14. Ra3 Bd7 15. Rb3 Nxa4 16. Nxa4 Bxa4 17. Rxb7 0-0 18. b3 Bc6 19. Rb6 Bd7 20. Bd3 Rfb8 21. Rxb8+ Rxb8 22. Kd2 a4 23. Ra1 axb3 24. cxb3 g5 25. fxg5 Rxb3 26. Ra7 Bc6 27. h4 Bb5 28. Bc2 Rg3 29. Rb7 Rxg2+ 30. Kc3 Be2 31. Bxh7+ Kxh7 32. Rxf7+ Kg8 33. Re7 Bg4 34. h5 Bf5 35. g6 Rh2 36. Re8+ Kg7 37. Re7+ Kf8 0-1

[Event "RUS-ch sf Urals 60th"]
[Site "Nizhnij Tagil"]
[Date "2007.03.16"]
[Round "3"]
[White "Kuligin, Evgeni"]
[Black "Ovetchkin, Roman"]
[Result "1-0"]
[WhiteElo "2329"]
[BlackElo "2534"]
[PlyCount "47"]
[EventDate "2007.03.14"]
[EventType "swiss"]
[EventRounds "9"]
[EventCountry "RUS"]
[SourceTitle "CBM 117 Extra"]
[Source "ChessBase"]
[SourceDate "2007.05.09"]
[SourceVersion "1"]
[SourceVersionDate "2007.05.09"]
[SourceQuality "1"]

1. d4 d5 2. c4 dxc4 3. Nf3 Nf6 4. Nc3 a6 5. e4 b5 6. e5 Nd5 7. a4 e6 8. axb5 Bb4 9. Bd2 Nb6 10. bxa6 Nc6 11. Na4 Bxd2+ 12. Nxd2 0-0 13. Nxb6 cxb6 14. Bxc4 Qxd4 15. 0-0 Nxe5 16. Be2 Qxb2 17. Qc1 Qd4 18. Rd1 b5 19. Nf3 Qe4 20. Bxb5 Nxf3+ 21. gxf3 Qxf3 22. Qc4 e5 23. Bc6 Bxa6 24. Bxf3 1-0

[Event "RUS-chT2 13th"]
[Site "Sochi"]
[Date "2006.04.24"]
[Round "5"]
[White "Kuligin, Evgeni"]
[Black "Maslak, Konstantin"]
[Result "1/2-1/2"]
[WhiteElo "2334"]
[BlackElo "2549"]
[PlyCount "77"]
[EventDate "2006.04.20"]
[EventType "team-tourn"]
[EventRounds "11"]
[EventCountry "RUS"]
[SourceTitle "EXT 2007"]
[Source "ChessBase"]
[SourceDate "2006.11.23"]
[SourceVersion "1"]
[SourceVersionDate "2006.11.23"]
[SourceQuality "1"]

1. e4 c5 2. c3 Nf6 3. e5 Nd5 4. d4 cxd4 5. Qxd4 e6 6. Bc4 Nc6 7. Qe4 f5 8. Qe2 Nde7 9. Nf3 Ng6 10. 0-0 Qc7 11. Re1 Be7 12. Nbd2 b6 13. b4 Bb7 14. a4 0-0 15. Ba3 Nd8 16. a5 Rc8 17. axb6 axb6 18. Bb5 Nf7 19. c4 Rfd8 20. c5 bxc5 21. bxc5 Bxc5 22. Rac1 Bxf3 23. Nxf3 Qb6 24. Bxc5 Rxc5 25. Rxc5 Qxc5 26. h4 Nf4 27. Qf1 Qc7 28. g3 Nd5 29. Rc1 Qa7 30. Ra1 Qc5 31. Qc4 Qxc4 32. Bxc4 Nb6 33. Bb5 Kf8 34. Ra7 Ke7 35. Rb7 Nc8 36. Rc7 Nb6 37. Rb7 Nc8 38. Rc7 Nb6 39. Rb7 1/2-1/2

[Event "RUS-chT2 13th"]
[Site "Sochi"]
[Date "2006.04.21"]
[Round "2"]
[White "Raetsky, Alexander"]
[Black "Kuligin, Evgeni"]
[Result "1/2-1/2"]
[WhiteElo "2414"]
[BlackElo "2334"]
[PlyCount "99"]
[EventDate "2006.04.20"]
[EventType "team-tourn"]
[EventRounds "11"]
[EventCountry "RUS"]
[SourceTitle "EXT 2007"]
[Source "ChessBase"]
[SourceDate "2006.11.23"]
[SourceVersion "1"]
[SourceVersionDate "2006.11.23"]
[SourceQuality "1"]

1. d4 Nf6 2. c4 g6 3. Nc3 Bg7 4. e4 d6 5. Be2 0-0 6. Bg5 c5 7. d5 h6 8. Be3 e6 9. Qd2 exd5 10. exd5 Kh7 11. h3 Re8 12. Bd3 Na6 13. Nge2 Bd7 14. 0-0 Nc7 15. Bf4 Bf8 16. a4 Na6 17. Ng3 Nb4 18. Bb1 Ng8 19. Nge4 Qc7 20. g4 a6 21. Ra3 f5 22. Ng3 fxg4 23. h4 h5 24. Nxh5 Bf5 25. Ng3 Bxb1 26. Rxb1 Nf6 27. Bg5 Nh5 28. Nxh5 gxh5 29. Qf4 Bg7 30. Qf5+ Kg8 31. Ne4 Nc2 32. Nf6+ Bxf6 33. Bxf6 Qh7 34. Qg5+ Kf7 35. Rb3 Nb4 36. Rf1 Qg6 37. Qxg6+ Kxg6 38. Bg5 Re4 39. f3 Rxc4 40. Re3 Nxd5 41. Re6+ Kf5 42. Rxd6 Rd4 43. fxg4+ Ke5 44. Rd7 Rxg4+ 45. Kh2 b5 46. Rd1 Rd4 47. Re1+ Re4 48. Rd1 Rd4 49. Re1+ Re4 50. Rd1 1/2-1/2